[Event "27.Schlosspark-Open"]
[Site "Wiesbaden-Biebrich"]
[Date "2015.08.29"]
[Round "5.58"]
[White "Niedenthal, Robert"]
[Black "Triantafillidis, Simeon"]
[Result "1-0"]
[WhiteElo "1811"]
[BlackElo "1513"]
[PlyCount "98"]
[EventDate "2015.??.??"]
[WhiteTeam "SV Hofheim"]
[BlackTeam "SF HN-Biberach"]

1. c4 e5 2. Nc3 Nf6 3. Nf3 Nc6 4. e4 Bc5 5. Nxe5 Nxe5 6. d4 Bd6 7. c5 Bxc5 8.
dxe5 Ng8 9. Qg4 g6 10. Bc4 d5 11. Bb5+ c6 12. Qf3 Bd4 13. Ba4 b5 14. Bb3 a5 15.
a3 a4 16. Ba2 Qa5 17. O-O Bb7 18. Rd1 Bxc3 19. bxc3 Ne7 20. Bg5 Qc7 21. Qf6 Rf8
22. Bh6 Ng8 23. Qf4 Nxh6 24. Qxh6 O-O-O 25. Qg5 h6 26. Qf6 Rfe8 27. exd5 cxd5
28. f4 g5 29. Re1 gxf4 30. Qxf4 Rg8 31. Qd4 Qe7 32. Bb1 Qg5 33. g3 h5 34. Bd3
h4 35. Re3 hxg3 36. Rxg3 Qh5 37. Qf4 Rxg3+ 38. hxg3 Rh8 39. Qf5+ Kb8 40. Qxh5
Rxh5 41. Re1 Rg5 42. Kf2 Bc6 43. e6 fxe6 44. Rxe6 Kc7 45. Rg6 Rh5 46. Ke3 Rh2
47. Kd4 Ra2 48. Kc5 Bd7 49. Rg7 Rb2 1-0

[Event "27.Schlosspark-Open"]
[Site "Wiesbaden-Biebrich"]
[Date "2015.08.29"]
[Round "5.59"]
[White "Knödler, Marcel"]
[Black "Wachsmann, Dietmar"]
[Result "0-1"]
[WhiteElo "1253"]
[BlackElo "1811"]
[PlyCount "50"]
[EventDate "2015.??.??"]
[WhiteTeam "FC Bierstadt"]
[BlackTeam "SC Groß-Umstadt"]

1. d4 d6 2. Nf3 Nf6 3. Nc3 Nbd7 4. g3 e5 5. dxe5 dxe5 6. Bg5 Be7 7. Bg2 c6 8.
a3 Qc7 9. Rb1 O-O 10. e4 h6 11. Bxf6 Nxf6 12. O-O Be6 13. b4 a5 14. bxa5 Bxa3
15. Na2 Bxa2 16. Ra1 Bc4 17. Rxa3 Bxf1 18. Kxf1 Rxa5 19. Rxa5 Qxa5 20. Qe1 Qc5
21. c3 Ra8 22. Bh3 Ra2 23. Qe3 Qxe3 24. fxe3 Nxe4 25. Bc8 Rf2+ 0-1

[Event "27.Schlosspark-Open"]
[Site "Wiesbaden-Biebrich"]
[Date "2015.08.29"]
[Round "5.60"]
[White "John, Volkmar"]
[Black "Reitz, Theresa"]
[Result "1/2-1/2"]
[WhiteElo "1809"]
[BlackElo "1547"]
[PlyCount "46"]
[EventDate "2015.??.??"]
[WhiteTeam "SK Herborn"]
[BlackTeam "VfR-SC Koblenz"]

1. d4 Nf6 2. c4 g6 3. Nc3 d5 4. cxd5 Nxd5 5. e4 Nxc3 6. bxc3 Bg7 7. Be3 O-O 8.
Qd2 c5 9. Rc1 cxd4 10. cxd4 Nc6 11. d5 Ne5 12. Be2 b6 13. Nf3 Bb7 14. Nxe5 Bxe5
15. f4 Bg7 16. O-O Qd6 17. Bf3 f6 18. Rc2 e6 19. Rd1 exd5 20. exd5 Rfd8 21. f5
Rd7 22. Bf4 Qa3 23. fxg6 hxg6 1/2-1/2

[Event "27.Schlosspark-Open"]
[Site "Wiesbaden-Biebrich"]
[Date "2015.08.29"]
[Round "5.61"]
[White "Meaubert, Thomas"]
[Black "Bayer, Martin"]
[Result "1/2-1/2"]
[WhiteElo "1801"]
[BlackElo "1357"]
[PlyCount "92"]
[EventDate "2015.??.??"]
[WhiteTeam "Sfr. Hochheim"]
[BlackTeam "SK Gründau"]

1. d4 d5 2. Nf3 Nf6 3. e3 Bg4 4. Nbd2 e6 5. Bd3 Bd6 6. e4 dxe4 7. Nxe4 Nc6 8.
c3 O-O 9. Bg5 Be7 10. Bf4 Nd5 11. Qd2 a6 12. Be2 f5 13. Ng3 Rc8 14. Ne5 Bxe2
15. Nxe2 Nxe5 16. Bxe5 b5 17. O-O Bf6 18. Nf4 Bxe5 19. dxe5 Qg5 20. g3 Rfd8 21.
Rfd1 Nxf4 22. Qxf4 Qxf4 23. gxf4 Kf7 24. Kf1 Ke7 25. Ke2 c5 26. a4 Rxd1 27.
Rxd1 Rd8 28. Rg1 Kf7 29. axb5 axb5 30. Ra1 Rd7 31. Ra6 c4 32. Rb6 Rd5 33. Rb7+
Kg6 34. Re7 h5 35. Rxe6+ Kf7 36. Rb6 Ke7 37. Rb7+ Kf8 38. Kf3 Rd3+ 39. Kg2 h4
40. Rxb5 h3+ 41. Kf1 Rf3 42. Rb8+ Kf7 43. Rh8 Rxf4 44. Rxh3 Re4 45. f3 Rxe5 46.
Rh4 Rb5 1/2-1/2

[Event "27.Schlosspark-Open"]
[Site "Wiesbaden-Biebrich"]
[Date "2015.08.29"]
[Round "5.62"]
[White "Ungurean, Daniela"]
[Black "Anhalt, Albert"]
[Result "0-1"]
[WhiteElo "1641"]
[BlackElo "1802"]
[PlyCount "88"]
[EventDate "2015.??.??"]
[WhiteTeam "SK Geisenheim"]
[BlackTeam "SG Idstein"]

1. e4 e5 2. Bc4 Nf6 3. d3 Bc5 4. Be3 Bb6 5. Bxb6 axb6 6. Nf3 d6 7. h3 O-O 8.
O-O Nc6 9. Nc3 Ne7 10. Ne2 Ng6 11. Nh2 Nh5 12. Qd2 Nhf4 13. Kh1 Qg5 14. Nxf4
Nxf4 15. Rg1 Nxh3 16. Rgd1 Qxd2 17. Rxd2 Nf4 18. g3 Ne6 19. Bxe6 Bxe6 20. a3 f5
21. f3 Rf6 22. Kg2 Rg6 23. Rf2 f4 24. g4 h5 25. Kf1 hxg4 26. fxg4 Bxg4 27. Nxg4
Rxg4 28. Ke2 g5 29. Rh1 Kg7 30. Rfh2 Rh4 31. Rxh4 gxh4 32. Rxh4 b5 33. c3 c5
34. Rg4+ Kf7 35. Rg2 Rh8 36. Rf2 Ke7 37. Rg2 Kd7 38. Rg7+ Kc6 39. Rg2 Rh3 40.
Rf2 Kb6 41. Kd2 c4 42. d4 Re3 43. dxe5 dxe5 44. Rg2 Rxe4 0-1

[Event "27.Schlosspark-Open"]
[Site "Wiesbaden-Biebrich"]
[Date "2015.08.29"]
[Round "5.63"]
[White "Rapp, Matthias"]
[Black "Kuschel, Heidi"]
[Result "1-0"]
[WhiteElo "1792"]
[BlackElo "1713"]
[PlyCount "129"]
[EventDate "2015.??.??"]
[WhiteTeam "TSV Schott Mainz"]
[BlackTeam "SVG Lauterbach"]

1. e4 e5 2. d4 exd4 3. Qxd4 Nc6 4. Qe3 Nf6 5. Nc3 Bb4 6. Bd2 d6 7. O-O-O O-O 8.
Bc4 Bc5 9. Qe1 Ng4 10. Be3 Bxe3+ 11. fxe3 Nce5 12. Bb3 Be6 13. Nd5 c6 14. h3
cxd5 15. exd5 Bc8 16. hxg4 Bxg4 17. Rd4 Bf5 18. Rdh4 Rc8 19. Kb1 Bg6 20. Nf3
Nd7 21. Qg3 Nf6 22. Nd4 Qc7 23. Rc1 a6 24. Qf3 Qd7 25. Ka1 Rfe8 26. c4 Be4 27.
Qd1 Qc7 28. Rh1 Bxg2 29. Rg1 Be4 30. Qf1 Bg6 31. Nf5 Re5 32. Rg5 Nxd5 33. Nxd6
Qxd6 34. Rxe5 Qxe5 35. cxd5 Rd8 36. Qh3 h6 37. Rc8 Qd6 38. a3 Kh7 39. Qg4 f5
40. Rxd8 Qxd8 41. Qb4 Qd7 42. Qf8 Bf7 43. Qc5 h5 44. Ka2 g6 45. d6 Be8 46. Qe5
Kh6 47. Be6 Qc6 48. d7 Bxd7 49. Qh8+ Kg5 50. Qd8+ Kg4 51. Qxd7 Qxd7 52. Bxd7 a5
53. Kb3 Kf3 54. Be8 h4 55. Bxg6 h3 56. Bxf5 h2 57. Bc8 b5 58. a4 Kxe3 59. Bb7
b4 60. Kc4 Kd2 61. b3 Kc2 62. Bd5 Kb2 63. Kb5 h1=Q 64. Bxh1 Kxb3 65. Bd5+ 1-0

[Event "27.Schlosspark-Open"]
[Site "Wiesbaden-Biebrich"]
[Date "2015.08.29"]
[Round "5.64"]
[White "Wöhl, Torsten"]
[Black "Reitz, Philipp"]
[Result "0-1"]
[WhiteElo "1621"]
[BlackElo "1773"]
[PlyCount "54"]
[EventDate "2015.??.??"]
[WhiteTeam "SC Groß-Zimmern"]
[BlackTeam "VfR-SC Koblenz"]

1. d4 Nf6 2. Bf4 c5 3. e3 g6 4. h3 Bg7 5. Nf3 Nc6 6. c3 d5 7. Nbd2 O-O 8. Be2
Nd7 9. Nb3 cxd4 10. exd4 e5 11. dxe5 Ndxe5 12. O-O Bf5 13. Nbd4 Nxf3+ 14. Nxf3
Qb6 15. Bd3 Bxd3 16. Qxd3 Qxb2 17. Rfb1 Qxc3 18. Qxd5 Nd4 19. Nxd4 Qxd4 20. Qf3
Qa4 21. Bd6 Bxa1 22. Bxf8 Qxa2 23. Rxb7 Rxf8 24. Qe3 a5 25. h4 Qd5 26. Rb1 Be5
27. f4 Bd4 0-1

[Event "27.Schlosspark-Open"]
[Site "Wiesbaden-Biebrich"]
[Date "2015.08.29"]
[Round "5.65"]
[White "Falkenhainer, Sven"]
[Black "Usczeck, Alina"]
[Result "1/2-1/2"]
[WhiteElo "1771"]
[BlackElo "1623"]
[PlyCount "30"]
[EventDate "2015.??.??"]
[WhiteTeam "SC Bergen-Enkheim"]
[BlackTeam "VfR-SC Koblenz"]

1. e4 c6 2. b3 d5 3. exd5 cxd5 4. Bb2 Nc6 5. Nf3 Bg4 6. Be2 e6 7. d3 Nf6 8.
Nbd2 Be7 9. O-O O-O 10. c4 dxc4 11. dxc4 Qc7 12. Nd4 Bxe2 13. Qxe2 Rfd8 14.
Nxc6 Qxc6 15. Rfd1 Rd7 1/2-1/2

[Event "27.Schlosspark-Open"]
[Site "Wiesbaden-Biebrich"]
[Date "2015.08.29"]
[Round "5.66"]
[White "Arns, Alexander"]
[Black "Dyga, Ryszard"]
[Result "1-0"]
[WhiteElo "1767"]
[BlackElo "1569"]
[PlyCount "57"]
[EventDate "2015.??.??"]
[WhiteTeam "SF HN-Biberach"]
[BlackTeam "SV Hofheim"]

1. c4 Nf6 2. Nc3 d5 3. cxd5 Nxd5 4. g3 Nxc3 5. bxc3 e5 6. Bg2 c6 7. Nf3 Bd6 8.
O-O O-O 9. d3 Qc7 10. Rb1 Be6 11. Qc2 f5 12. Ng5 Bd5 13. Bxd5+ cxd5 14. Ne6 Qf7
15. Nxf8 Kxf8 16. Qb3 b6 17. Ba3 Bxa3 18. Qxa3+ Ke8 19. Qd6 Nd7 20. Rb5 Rc8 21.
Rxd5 Rxc3 22. Rxe5+ Kd8 23. Rd5 Kc8 24. e4 fxe4 25. dxe4 Qe8 26. Rfd1 Nf6 27.
Re5 Qg8 28. Re7 Qf8 29. Rc7+ 1-0

[Event "27.Schlosspark-Open"]
[Site "Wiesbaden-Biebrich"]
[Date "2015.08.29"]
[Round "5.67"]
[White "Kirchner, Stefan"]
[Black "Meding, Olaf"]
[Result "0-1"]
[WhiteElo "1497"]
[BlackElo "1764"]
[PlyCount "50"]
[EventDate "2015.??.??"]
[WhiteTeam "SF Schöneck"]
[BlackTeam "SF Mainz"]

1. e4 e6 2. d4 d5 3. e5 c5 4. c3 Bd7 5. Bd3 Qb6 6. Nf3 Bb5 7. Bc2 Nc6 8. a4 Ba6
9. b3 cxd4 10. cxd4 Bb4+ 11. Bd2 Nxd4 12. Nxd4 Qxd4 13. Bxb4 Qxe5+ 14. Kd2 Qf4+
15. Kc3 Rc8+ 16. Kb2 Qxb4 17. Re1 Ne7 18. Re3 g6 19. Nd2 d4 20. Rh3 Rc3 21. Rh4
O-O 22. Ne4 Rfc8 23. Nxc3 dxc3+ 24. Ka2 Qxh4 25. Qd7 Qxf2 0-1

[Event "27.Schlosspark-Open"]
[Site "Wiesbaden-Biebrich"]
[Date "2015.08.29"]
[Round "5.68"]
[White "Viol, Julius"]
[Black "Hegener, Thorsten"]
[Result "1/2-1/2"]
[WhiteElo "1555"]
[BlackElo "1742"]
[PlyCount "63"]
[EventDate "2015.??.??"]
[WhiteTeam "FC Bierstadt"]
[BlackTeam "SC Eschborn"]

1. d4 f5 2. g3 Nf6 3. Bg2 e6 4. Nf3 Be7 5. O-O O-O 6. Nbd2 d6 7. b3 Qe8 8. Bb2
Nc6 9. c4 Bd7 10. a3 Qh5 11. Re1 Ne4 12. e3 Nxd2 13. Nxd2 Qxd1 14. Raxd1 Bf6
15. b4 Rae8 16. b5 Nd8 17. Nf3 Nf7 18. a4 b6 19. c5 bxc5 20. Re2 cxd4 21. Bxd4
Bxd4 22. Nxd4 e5 23. Bc6 Bxc6 24. Nxc6 Ng5 25. h4 Ne6 26. f4 exf4 27. exf4 Nc5
28. Rde1 Rxe2 29. Rxe2 g6 30. a5 a6 31. bxa6 Nxa6 32. Re7 1/2-1/2

[Event "27.Schlosspark-Open"]
[Site "Wiesbaden-Biebrich"]
[Date "2015.08.29"]
[Round "5.69"]
[White "Bratmann, Marc"]
[Black "Gläßer, Leonhard"]
[Result "1-0"]
[WhiteElo "1726"]
[BlackElo "1403"]
[PlyCount "79"]
[EventDate "2015.??.??"]
[WhiteTeam "TuS Dotzheim"]
[BlackTeam "FC Bierstadt"]

1. e4 c5 2. c4 e6 3. Nc3 Nc6 4. g3 Nf6 5. Bg2 Be7 6. Nge2 O-O 7. O-O Qc7 8. d3
h6 9. Rb1 Rb8 10. a3 a6 11. a4 b6 12. h3 Bb7 13. Be3 Nb4 14. b3 d5 15. cxd5
exd5 16. Bf4 Bd6 17. Bxd6 Qxd6 18. Nf4 dxe4 19. dxe4 Qxd1 20. Rbxd1 Rfe8 21. f3
Bc6 22. Rf2 Rbd8 23. Rfd2 Rxd2 24. Rxd2 a5 25. Bf1 g5 26. Ng2 Kg7 27. Ne3 Kg6
28. Kf2 Nd7 29. Nc4 Rb8 30. Nd6 Ne5 31. f4 Nd7 32. Bc4 f6 33. Nf5 Re8 34. Nd6
Re7 35. Bb5 Bxb5 36. Ndxb5 Nf8 37. Ke3 f5 38. e5 gxf4+ 39. gxf4 Kh5 40. Nd6 1-0

[Event "27.Schlosspark-Open"]
[Site "Wiesbaden-Biebrich"]
[Date "2015.08.29"]
[Round "5.70"]
[White "Traut, Stefan"]
[Black "Börkey, Pierre"]
[Result "1/2-1/2"]
[WhiteElo "1723"]
[BlackElo "1331"]
[PlyCount "79"]
[EventDate "2015.??.??"]
[WhiteTeam "SF Heusenstamm"]
[BlackTeam "Wiesbadener SV"]

1. d4 Nf6 2. Nf3 e6 3. c4 c5 4. e3 b6 5. g3 Bb7 6. Bg2 d5 7. cxd5 exd5 8. O-O
Be7 9. dxc5 bxc5 10. b3 O-O 11. Bb2 Nc6 12. Ne5 Nxe5 13. Bxe5 Qd7 14. Qd3 Ng4
15. Bb2 Bf6 16. Bxf6 Nxf6 17. Rd1 Rfd8 18. Na3 Rac8 19. Rac1 d4 20. Bxb7 Qxb7
21. exd4 Rxd4 22. Qf1 Ne4 23. Nc4 Rcd8 24. Rxd4 Rxd4 25. Rd1 Qd5 26. Rxd4 Qxd4
27. Qe2 h6 28. Kg2 Qd5 29. f3 Nc3 30. Qc2 Nb5 31. Qe2 Nd4 32. Qe8+ Kh7 33. Qe4+
Qxe4 34. fxe4 Kg6 35. Kf2 Kf6 36. Ke3 g5 37. h3 Nc2+ 38. Kd2 Nd4 39. Ke3 Nc2+
40. Kd2 1/2-1/2

[Event "27.Schlosspark-Open"]
[Site "Wiesbaden-Biebrich"]
[Date "2015.08.29"]
[Round "5.71"]
[White "Hegener, Daniel"]
[Black "Tampe, Alexander"]
[Result "1-0"]
[WhiteElo "1143"]
[BlackElo "1719"]
[PlyCount "55"]
[EventDate "2015.??.??"]
[WhiteTeam "SC Eschborn"]
[BlackTeam "Schachforum Darmstadt"]

1. Nf3 d5 2. d4 Nf6 3. c4 e6 4. Nc3 c5 5. e3 Nc6 6. cxd5 Nxd5 7. Bc4 Nb6 8. Bb5
Bd7 9. O-O Bd6 10. dxc5 Bxc5 11. Bd2 O-O 12. Ne4 Bb4 13. Bxc6 Bxd2 14. Bxd7
Qxd7 15. Qxd2 Qc6 16. Nc3 Rfd8 17. Qc2 Rac8 18. Rac1 Qd6 19. Rfd1 Qc5 20. Rxd8+
Rxd8 21. h3 Rc8 22. Qd2 Nc4 23. Qd4 Qxd4 24. Nxd4 Nxb2 25. Nce2 Rd8 26. Rb1 e5
27. Rxb2 exd4 28. Nxd4 1-0

[Event "27.Schlosspark-Open"]
[Site "Wiesbaden-Biebrich"]
[Date "2015.08.29"]
[Round "5.72"]
[White "Künitz, Klaus"]
[Black "Jahraus, Marlis"]
[Result "1-0"]
[WhiteElo "1740"]
[BlackElo "1249"]
[PlyCount "85"]
[EventDate "2015.??.??"]
[WhiteTeam "TSV Schott Mainz"]
[BlackTeam "SC Untergrombach"]

1. d4 e6 2. c4 f5 3. d5 e5 4. Nf3 d6 5. Nc3 Nf6 6. Bg5 Be7 7. Bxf6 Bxf6 8. e4
f4 9. Be2 O-O 10. b4 Nd7 11. O-O Qe8 12. Nd2 Qg6 13. Nb5 Bd8 14. Bh5 Qh6 15.
Bg4 Nf6 16. Bxc8 Rxc8 17. Nxa7 Ra8 18. Nb5 Qg6 19. Nc3 Be7 20. a4 h5 21. f3 h4
22. Kh1 Kf7 23. Nb5 Rac8 24. Rc1 h3 25. Rg1 Rh8 26. gxh3 Qh7 27. Qf1 Qg8 28.
Qg2 Rh7 29. Qg6+ Kf8 30. Qf5 Rd8 31. Nxc7 Rd7 32. Ne6+ Ke8 33. Qg6+ Qf7 34.
Nxg7+ Kf8 35. Ne6+ Ke8 36. c5 dxc5 37. bxc5 Bf8 38. c6 bxc6 39. dxc6 Rxd2 40.
c7 Qxg6 41. Rxg6 Kf7 42. Nxf8 Rxh3 43. Rg2 1-0

[Event "27.Schlosspark-Open"]
[Site "Wiesbaden-Biebrich"]
[Date "2015.08.29"]
[Round "5.73"]
[White "Krischak, Werner"]
[Black "Börkey, Joel"]
[Result "1/2-1/2"]
[WhiteElo "1796"]
[BlackElo "1482"]
[PlyCount "85"]
[EventDate "2015.??.??"]
[WhiteTeam "SK Marburg"]
[BlackTeam "Wiesbadener SV"]

1. d4 Nf6 2. Nf3 e6 3. Bf4 Nc6 4. e3 b6 5. c4 Bb7 6. Nc3 Bb4 7. Bd3 Bxc3+ 8.
bxc3 Ne7 9. O-O Ng6 10. Bg3 Ne4 11. Qc2 f5 12. Nd2 Nxd2 13. Qxd2 O-O 14. f3 d6
15. e4 fxe4 16. fxe4 Qe7 17. Qc2 Rxf1+ 18. Rxf1 Rf8 19. Rxf8+ Nxf8 20. e5 d5
21. cxd5 Bxd5 22. c4 Bb7 23. Bf4 Qh4 24. g3 Qg4 25. Qe2 Bf3 26. Qf2 Bb7 27. Be2
Qg6 28. Bd1 Qe4 29. Kf1 Qd3+ 30. Ke1 Qxc4 31. Bb3 Qd3 32. Bc2 Qc3+ 33. Qd2 Qf3
34. Bd3 Qh1+ 35. Bf1 Ng6 36. Bg5 Qe4+ 37. Be3 Qb1+ 38. Kf2 Qe4 39. Ke1 Ne7 40.
Qd3 Qf3 41. Bg5 Qxd3 42. Bxd3 Nf5 43. Bxf5 1/2-1/2

[Event "27.Schlosspark-Open"]
[Site "Wiesbaden-Biebrich"]
[Date "2015.08.29"]
[Round "5.74"]
[White "Goodwin, David"]
[Black "Wiest, Kurt"]
[Result "1-0"]
[WhiteElo "1462"]
[BlackElo "1784"]
[PlyCount "129"]
[EventDate "2015.??.??"]
[WhiteTeam "SV Kelsterbach"]
[BlackTeam "SV Bergwinkel"]

1. Nf3 d5 2. g3 Nf6 3. Bg2 Bg4 4. d3 e6 5. O-O Bd6 6. Nbd2 Nbd7 7. c4 c6 8. h3
Bh5 9. g4 Bg6 10. Nh4 Qe7 11. Nxg6 hxg6 12. e4 dxc4 13. Nxc4 Bc7 14. Bg5 Ne5
15. f4 Qc5+ 16. Rf2 Nxc4 17. dxc4 Bb6 18. Qc2 Qxf2+ 19. Qxf2 Bxf2+ 20. Kxf2 Nd7
21. f5 f6 22. Bf4 e5 23. Be3 b6 24. b4 O-O-O 25. a4 c5 26. a5 Kb7 27. a6+ Kc6
28. b5+ Kc7 29. Kg3 Rhe8 30. h4 Nf8 31. Bf1 Rd7 32. Be2 Red8 33. Rc1 gxf5 34.
exf5 g6 35. Bf3 gxf5 36. gxf5 Rg7+ 37. Kh3 Rd3 38. Re1 Rgd7 39. Bd5 R7xd5 40.
cxd5 Rxd5 41. h5 Kd7 42. Bh6 Ke8 43. Rg1 Rd7 44. Rg8 Rf7 45. Be3 Rh7 46. h6 Kf7
47. Rg1 Nd7 48. Kh4 Nf8 49. Rd1 Ke7 50. Kh5 Rh8 51. Rg1 c4 52. Rg7+ Kd6 53.
Rxa7 c3 54. Rb7 Nd7 55. a7 c2 56. Kg6 Rc8 57. Kg7 Nc5 58. Rb8 Rc7+ 59. Kxf6
Rxa7 60. Rxb6+ Kd5 61. Rc6 Ne4+ 62. Kg6 Ra5 63. Rxc2 Rxb5 64. h7 Rb8 65. Rh2
1-0

[Event "27.Schlosspark-Open"]
[Site "Wiesbaden-Biebrich"]
[Date "2015.08.29"]
[Round "5.75"]
[White "Laux, Dominik"]
[Black "Wilk, David"]
[Result "1-0"]
[WhiteElo "1273"]
[BlackElo "1734"]
[PlyCount "118"]
[EventDate "2015.??.??"]
[WhiteTeam "VSG Offenbach"]
[BlackTeam "SF Mainz"]

1. d4 Nf6 2. Nf3 e6 3. Bf4 b6 4. e3 Bb7 5. Nbd2 d5 6. Bd3 g6 7. h3 Bg7 8. O-O
Nbd7 9. c3 O-O 10. Qc2 c5 11. Rfe1 c4 12. Bf1 b5 13. Bh2 a5 14. Kh1 Re8 15. a3
Bf8 16. Ne5 Nxe5 17. dxe5 Nd7 18. Nf3 Nc5 19. Nd4 Qd7 20. Be2 Reb8 21. Reb1 Bc6
22. Bf4 Na6 23. Qd2 b4 24. axb4 axb4 25. Bf3 bxc3 26. bxc3 Nc5 27. Kg1 Rxa1 28.
Rxa1 Nd3 29. Be2 Rb2 30. Qd1 Nc5 31. Qc1 Rb8 32. Rb1 Rxb1 33. Qxb1 Qb7 34. Qa2
Nb3 35. Bd1 Nxd4 36. exd4 h6 37. Bd2 Kh7 38. g3 Qd7 39. Kg2 Bg7 40. Qa1 f6 41.
f4 fxe5 42. fxe5 Qf7 43. Bc2 h5 44. Qd1 Bh6 45. Qxh5 Qg7 46. Bxh6 Qxh6 47.
Bxg6+ Kg7 48. Qxh6+ Kxh6 49. Bc2 Be8 50. g4 Kg5 51. Kg3 Bf7 52. h4+ Kh6 53. g5+
Kh5 54. Bd1+ Kg6 55. Kg4 Kh7 56. Bc2+ Kg7 57. g6 Be8 58. Kg5 Kg8 59. h5 Kg7 1-0

[Event "27.Schlosspark-Open"]
[Site "Wiesbaden-Biebrich"]
[Date "2015.08.29"]
[Round "5.76"]
[White "Fischer, Patrick"]
[Black "Schreer, Maxima"]
[Result "1-0"]
[WhiteElo "1723"]
[BlackElo "1410"]
[PlyCount "125"]
[EventDate "2015.??.??"]
[WhiteTeam "SF HN-Biberach"]
[BlackTeam "SF Friedberg"]

1. e4 e5 2. Nf3 Nc6 3. Bc4 Bc5 4. b4 Bxb4 5. c3 Ba5 6. d4 exd4 7. O-O d6 8. Qb3
Qe7 9. cxd4 h6 10. Nc3 Nf6 11. e5 Bxc3 12. exf6 Qxf6 13. Qxc3 O-O 14. Bb2 Re8
15. Rfe1 Bg4 16. Bd5 Rab8 17. Bxc6 bxc6 18. Rxe8+ Rxe8 19. Qxc6 Rb8 20. Bc3 Qg6
21. Re1 Bxf3 22. Qxf3 Rb1 23. h3 Qc2 24. Kh2 Rxe1 25. Bxe1 Qxa2 26. Qc6 Qe2 27.
Qc3 a6 28. f3 d5 29. Bg3 Qc4 30. Qxc4 dxc4 31. Bxc7 Kf8 32. Ba5 Ke7 33. Kg3 Ke6
34. Kf4 Kd5 35. Ke3 g5 36. g4 f6 37. Bc3 Kc6 38. Ke4 Kb6 39. Kd5 Kb5 40. Bd2 a5
41. Bxa5 Kxa5 42. Kxc4 Kb6 43. Kd5 Kc7 44. Ke6 Kc6 45. d5+ Kc7 46. Ke7 Kb6 47.
d6 Kc5 48. d7 Kd4 49. d8=Q+ Ke3 50. Qd5 Kf2 51. Ke6 Kg3 52. Kxf6 Kxh3 53. Kg6
Kg3 54. Qc4 Kxf3 55. Kxh6 Kg3 56. Qd3+ Kxg4 57. Qe4+ Kh3 58. Kxg5 Kg3 59. Qd3+
Kf2 60. Kg4 Kg2 61. Qe2+ Kg1 62. Kf3 Kh1 63. Qg2# 1-0

[Event "27.Schlosspark-Open"]
[Site "Wiesbaden-Biebrich"]
[Date "2015.08.29"]
[Round "5.77"]
[White "Lorenz, Hermann"]
[Black "Wößmann, David"]
[Result "0-1"]
[WhiteElo "1668"]
[BlackElo "1476"]
[PlyCount "74"]
[EventDate "2015.??.??"]
[WhiteTeam "SF Mainz"]
[BlackTeam "Biebertaler SF"]

1. c4 e5 2. g3 Nf6 3. Bg2 Bc5 4. Nc3 Nc6 5. Nf3 d6 6. O-O Be6 7. d3 Qd7 8. a3
a6 9. Bg5 Bh3 10. Bxf6 Bxg2 11. Kxg2 gxf6 12. Ne4 Qe6 13. Nxc5 dxc5 14. Qd2
O-O-O 15. Qe3 Nd4 16. Nxd4 cxd4 17. Qf3 h5 18. h4 f5 19. e4 fxe4 20. Qxe4 f5
21. Qe2 e4 22. f3 e3 23. f4 Rd6 24. b4 Kd7 25. Rac1 b5 26. Kh2 Rc6 27. Qb2 Rd6
28. Rfe1 Re8 29. Re2 bxc4 30. Rxc4 Qxc4 31. dxc4 d3 32. c5 dxe2 33. cxd6 e1=Q
34. Qg7+ Kxd6 35. Qd4+ Kc6 36. Qc5+ Kb7 37. Qd5+ Kb8 0-1

[Event "27.Schlosspark-Open"]
[Site "Wiesbaden-Biebrich"]
[Date "2015.08.29"]
[Round "5.78"]
[White "Reinisch, Markus"]
[Black "Köllner, Felicitas Ophelia"]
[Result "1-0"]
[WhiteElo "1644"]
[BlackElo "1402"]
[PlyCount "91"]
[EventDate "2015.??.??"]
[WhiteTeam "Wiesbadener SV"]
[BlackTeam "SV Bergneustadt/Derschlag"]

1. d4 d6 2. c4 Nf6 3. Nc3 Nbd7 4. Nf3 e5 5. e3 Be7 6. g3 O-O 7. Bg2 Re8 8. O-O
exd4 9. Nxd4 Ne5 10. b3 c5 11. Nde2 Rb8 12. Qc2 b6 13. Nf4 Bb7 14. Nfd5 Nxd5
15. Nxd5 Bf8 16. Bb2 h6 17. Rad1 Ng6 18. Rd2 Ne7 19. Rfd1 Nxd5 20. Bxd5 Bxd5
21. Rxd5 Qc7 22. Qc3 Rbd8 23. Qd3 Qe7 24. Be5 Qc7 25. Bxd6 Bxd6 26. Rxd6 Qxd6
27. Qxd6 Rxd6 28. Rxd6 Re7 29. Kg2 f6 30. Kf3 Kf7 31. h4 g5 32. hxg5 hxg5 33.
g4 Rc7 34. Ke4 Re7+ 35. Kd5 Re5+ 36. Kc6 Re7 37. Rd7 Rxd7 38. Kxd7 Kg6 39. Ke6
a6 40. f4 gxf4 41. exf4 a5 42. Kd5 f5 43. gxf5+ Kxf5 44. Kc6 Kxf4 45. Kxb6 Ke5
46. Kxc5 1-0

[Event "27.Schlosspark-Open"]
[Site "Wiesbaden-Biebrich"]
[Date "2015.08.29"]
[Round "5.79"]
[White "Wachsmann, Elmar"]
[Black "Moseler, Thomas"]
[Result "1-0"]
[WhiteElo "1356"]
[BlackElo "1621"]
[PlyCount "79"]
[EventDate "2015.??.??"]
[WhiteTeam "SC Groß-Umstadt"]
[BlackTeam "SK Lister Turm"]

1. d4 Nf6 2. c4 e6 3. a3 c5 4. e3 b6 5. Nc3 d5 6. Nf3 Bb7 7. Be2 Nc6 8. O-O Bd6
9. Bd2 Rc8 10. Nb5 Bb8 11. Rc1 a6 12. Nc3 O-O 13. Qc2 Qd6 14. dxc5 bxc5 15.
Rfd1 Ne5 16. g3 dxc4 17. Nxe5 Qxe5 18. Bxc4 Qh5 19. e4 Ng4 20. h4 Nf6 21. Be2
Qg6 22. Bf3 Bxg3 23. Kh1 Bxf2 24. Rg1 Bxg1 25. Rxg1 Bxe4 26. Nxe4 Qf5 27. Bg2
Nxe4 28. Qxe4 Qxe4 29. Bxe4 Rfd8 30. Bh6 g6 31. Be3 Rb8 32. Rg2 Rd1+ 33. Kh2 c4
34. Bc5 Rbd8 35. Be7 R8d4 36. Bb7 Rxh4+ 37. Bxh4 Rd6 38. Bf6 Rb6 39. Rd2 Rxb2
40. Rxb2 1-0

[Event "27.Schlosspark-Open"]
[Site "Wiesbaden-Biebrich"]
[Date "2015.08.29"]
[Round "5.80"]
[White "Lehmann, Wolfgang"]
[Black "Schneider, Luca"]
[Result "1-0"]
[WhiteElo "1605"]
[BlackElo "1377"]
[PlyCount "161"]
[EventDate "2015.??.??"]
[WhiteTeam "Wiesbadener SV"]
[BlackTeam "FC Bierstadt"]

1. d4 c6 2. Nf3 d6 3. Bf4 Bg4 4. e3 Qc7 5. Be2 Nd7 6. Nbd2 e5 7. dxe5 dxe5 8.
Bg3 Ngf6 9. c3 Bd6 10. Nc4 Be7 11. Ncxe5 Nxe5 12. Bxe5 Qa5 13. Bxf6 Bxf6 14.
O-O O-O 15. Qc2 Qh5 16. Nd4 Be5 17. g3 Bxd4 18. Bxg4 Qxg4 19. cxd4 Qf3 20. Qd1
Qxd1 21. Rfxd1 Rad8 22. Kf1 f5 23. Rd2 Rf6 24. Rad1 Rfd6 25. Ke2 Kf7 26. a3 a5
27. b4 b5 28. bxa5 Ra8 29. Rc2 Rxa5 30. Rc3 Ra6 31. Rdc1 g6 32. h4 h5 33. Kf3
Ke6 34. Kf4 Kf6 35. R1c2 Re6 36. Kf3 Rd6 37. Ke2 Ke6 38. f3 Kf6 39. Kd3 g5 40.
hxg5+ Kxg5 41. Ke2 h4 42. gxh4+ Kxh4 43. Rc1 Kg5 44. Rg1+ Kf6 45. f4 Ke6 46.
Rg6+ Kd5 47. Rxd6+ Kxd6 48. Kd3 Kd5 49. Rc5+ Ke6 50. Rc3 Rb6 51. e4 Ra6 52. e5
Rb6 53. Kc2 Ra6 54. Kd3 Rb6 55. Rc2 Ra6 56. Kd2 Kd5 57. Kd3 Rxa3+ 58. Rc3 Ra4
59. Rc5+ Ke6 60. Rxc6+ Kd7 61. Rb6 Kc7 62. Rf6 Kd7 63. Rxf5 Ra3+ 64. Kc2 b4 65.
Rf6 Re3 66. Rb6 Re4 67. Rxb4 Rxf4 68. Kd3 Rg4 69. Rb6 Ke7 70. Kc4 Kd7 71. Kd5
Ke7 72. Rb7+ Kd8 73. e6 Ke8 74. Kc5 Rg6 75. d5 Kd8 76. Kd6 Kc8 77. Rh7 Rg8 78.
Kc6 Kd8 79. d6 Kc8 80. Rf7 Kd8 81. e7+ 1-0

[Event "27.Schlosspark-Open"]
[Site "Wiesbaden-Biebrich"]
[Date "2015.08.29"]
[Round "5.81"]
[White "Triantafillidis, Dimitrios"]
[Black "Deutsch, Christoph"]
[Result "0-1"]
[WhiteElo "1603"]
[BlackElo "1358"]
[PlyCount "90"]
[EventDate "2015.??.??"]
[WhiteTeam "SF HN-Biberach"]
[BlackTeam "SK Gründau"]

1. e4 e5 2. Nf3 Nc6 3. Bc4 Nf6 4. Ng5 d5 5. exd5 Nd4 6. Nc3 Nf5 7. Nge4 Nd6 8.
Qf3 Nxc4 9. O-O Be7 10. Re1 O-O 11. d3 Nd6 12. Bg5 Bd7 13. Re2 Nfxe4 14. Bxe7
Qxe7 15. Nxe4 Nxe4 16. Rxe4 Qf6 17. Qe2 Qb6 18. c3 f6 19. Re1 Qd6 20. c4 c6 21.
Rh4 cxd5 22. Qh5 h6 23. cxd5 Qxd5 24. d4 Bc6 25. Qg6 Qf7 26. Qg3 Kh8 27. dxe5
fxe5 28. Qe3 Bd5 29. Qg3 Bxa2 30. f3 Rae8 31. Ree4 Qe7 32. Rh5 Qc5+ 33. Kh1
Qc1+ 34. Re1 Qxb2 35. h3 Qb6 36. Re4 Qf6 37. Rg4 Rf7 38. Rg6 Qf4 39. Qe1 e4 40.
Qa1 e3 41. Rhxh6+ Qxh6 42. Rxh6+ Kg8 43. Rh4 e2 44. Re4 Rxe4 45. fxe4 Rf1+ 0-1